000 00658nam a2200181 i 4500
001 41880
003 ES-MaACL
005 20231229063010.0
007 t|
008 030312s1942 sp ||||1| spa d
100 1 _aCastán Tobeñas, José,
_d1889-1969
_936392
245 1 3 _aEl derecho de representación y mecanismos jurídicos afines en la sucesión testamentaria /
_cJosé Castán Tobeñas.
260 _aMadrid :
_bInstituto Editorial Reus,
_c1942.
300 _a43 p. ;
_c26 cm.
500 _aEs tirada aparte de la Revista General de Legislación y Jurisprudencia, agosto de 1942.
852 _aES-MaACL
_j1875-F-13
_bR.25075
999 _c41880
_d41880